LEADER 01374nam--2200385---450- 001 990003639530203316 005 20120315151553.0 010 $a978-88-7524-191-9 035 $a000363953 035 $aUSA01000363953 035 $a(ALEPH)000363953USA01 035 $a000363953 100 $a20120315d2011----km-y0itay50------ba 101 $aita 102 $aIT 105 $ay|||||||001yy 200 1 $a<> modello di organizzazione, gestione e controllo ex D.Lgs. 231/2001$euno scudo processuale per le società e gli enti$fGianfranco Lancellotti, Francesco Lancellotti 210 $aTorino$cGiappichelli$d2011 215 $aVI, 427 p.$d24 cm 225 2 $aDiritto e professione$v11 410 0$12001$aDiritto e professione$v, 11 606 0 $aPiccole e medie imprese [e] Società non quotate in borsa$xControllo$xLegislazione$2BNCF 676 $a346.45066$v22 700 1$aLANCELLOTTI,$bGianfranco$0426818 701 1$aLANCELLOTTI,$bFrancesco$0611856 801 0$aIT$bsalbc$gISBD 912 $a990003639530203316 951 $aXXV.3.E.681$b70689 G.$cXXV.3.E.$d00308422 959 $aBK 969 $aGIU 979 $aCHIARA$b90$c20120315$lUSA01$h1514 979 $aCHIARA$b90$c20120315$lUSA01$h1514 979 $aCHIARA$b90$c20120315$lUSA01$h1515 996 $aModello di organizzazione, gestione e controllo ex D.Lgs. 231$91137678 997 $aUNISA LEADER 01042nam--2200337---450 001 990002883960203316 005 20220601121109.0 035 $a000288396 035 $aUSA01000288396 035 $a(ALEPH)000288396USA01 035 $a000288396 100 $a20070319d1958----km-y0itay50------ba 101 $afre 102 $aBE 105 $a||||||||001yy 200 1 $aAnthologie poétique de l'exposition$f[Introd. par Pierre-Louis Flouquet] 210 $aBruxelles$cEditions de la maison du poète$d[1958] 215 $a452 p.$d21 cm 300 $aIn cop.: 88 poètes belges de langue française 676 $a840.99 702 1$aFLOQUET,$bPierre-Louis$f<1900-1967> 801 0$aIT$bsalbc$gISBD 912 $a990002883960203316 951 $aXV.4.A. 966$b191988 LM$cXV.4.A. 951 $aXV.4.A. 966a$b191989 LM$cXV.4.A. 959 $aBK 969 $aFF 979 $aSENATORE$b90$c20070319$lUSA01$h1751 979 $aMARIAS$b90$c20081210$lUSA01$h0929 996 $aAnthologie poétique de l'exposition$9990869 997 $aUNISA LEADER 01460nam 2200493 450 001 9910808612303321 005 20230809233537.0 010 $a3-527-80346-7 010 $a1-5231-1533-5 010 $a3-527-80344-0 010 $a3-527-80345-9 035 $a(CKB)4330000000010786 035 $a(MiAaPQ)EBC4794172 035 $a(Au-PeEL)EBL4794172 035 $a(CaPaEBR)ebr11335048 035 $a(CaONFJC)MIL991443 035 $a(OCoLC)972289440 035 $a(EXLCZ)994330000000010786 100 $a20170221h20172017 uy| 0 101 0 $aeng 135 $aurcnu|||||||| 181 $2rdacontent 182 $2rdamedia 183 $2rdacarrier 200 10$aColor quality of semiconductor and conventional light sources /$fTran Quoc Khanh, Peter Bodrogi, and Trinh Quang Vinh 210 1$aWeinheim, Germany :$cWiley-VCH,$d[2017] 210 4$d©2017 215 $a1 online resource (385 pages) $cillustrations 311 $a3-527-34166-8 320 $aIncludes bibliographical references and index. 606 $aLight sources 606 $aColor 615 0$aLight sources. 615 0$aColor. 700 $aKhanh$b Tran Quoc$01669460 702 $aBodrogi$b Pe?ter 702 $aVinh$b Trinh Quang 801 0$bMiAaPQ 801 1$bMiAaPQ 801 2$bMiAaPQ 906 $aBOOK 912 $a9910808612303321 996 $aColor quality of semiconductor and conventional light sources$94030620 997 $aUNINA